Sports Quiz

Random Sports or WWE Quiz
Score 0/33 Timer 05:00
0 Plays Today
Hint Answer % Correct
AEW World Championship MatchChris Jericho
97.5%
AEW World Championship MatchHangman Adam Page
96.2%
Singles Match #3Cody (with MJF)
93.7%
Escalera de la MuerteRey Fénix
93.7%
Escalera de la MuerteMatt Jackson
93.7%
Escalera de la MuerteNick Jackson
93.7%
Escalera de la MuertePentagon Jr.
92.4%
Casino Battle Royale (Final 4)Nyla Rose
88.6%
Singles Match #1Kenny Omega
88.6%
Cracker Barrel ClashDarby Allin
88.6%
Casino Battle Royale (Final 4)Dr. Britt Baker, D.M.D.
84.8%
Singles Match #1PAC
83.5%
Cracker Barrel ClashJimmy Havoc
83.5%
Singles Match #2Riho
83.5%
Six-Man Tag Team MatchScorpio Sky
82.3%
Cracker Barrel ClashJoey Janela
82.3%
Six-Man Tag Team MatchChristopher Daniels
81%
Hint Answer % Correct
Six-Man Tag Team MatchFrankie Kazarian
81%
Six-Man Tag Team MatchJungle Boy
81%
Six-Man Tag Team MatchLuchasaurus
81%
Tag Team MatchChuck Taylor
81%
Tag Team Match (The Buy In)Isiah Kassidy
79.7%
Six-Man Tag Team MatchMarko Stunt
79.7%
Tag Team MatchTrent Beretta
79.7%
Tag Team MatchEvil Uno
77.2%
Tag Team MatchStu Grayson
75.9%
Tag Team Match (The Buy In)Marq Quen
74.7%
Singles Match #3Shawn Spears (with Tully Blanchard)
74.7%
Singles Match #2Hikaru Shida
68.4%
Tag Team Match (The Buy In)Angélico
67.1%
Tag Team Match (The Buy In)Jack Evans
67.1%
Casino Battle Royale (Final 4)Mercedes Martinez
44.3%
Casino Battle Royale (Final 4)Bea Priestley
41.8%

You're not logged in!

Compare scores with friends on all Sporcle quizzes.
OR
Log In

From the Vault

4x4 Word Grid

by HappyWife

4x4: a relevant measure for trucks, lumber, and now words.
Remove Ads.
Support Sporcle.
Get the best of Sporcle when you Go Orange. This ad-free experience offers more features, more stats, and more fun while also helping to support Sporcle. Thank you for becoming a member.

Show Comments

Extras

Top Quizzes Today


Score Distribution

Your Account Isn't Verified!

In order to create a playlist on Sporcle, you need to verify the email address you used during registration. Go to your Sporcle Settings to finish the process.

Report this User

Report this user for behavior that violates our Community Guidelines.

Details: